Dictionary of data processing

Na minha lista:
Detalhes bibliográficos
Autor principal: Maynard, Jeff
Formato: Livro
Idioma:inglês
Publicado em: London Butterworths 1982
Edição:2. ed.
Tags: Adicionar Tag
Sem tags, seja o primeiro a adicionar uma tag!

MARC

LEADER 00000nam a2200000 4500
001 c116821
005 20041019155205.7
041 0 |a eng 
044 |a GB 
245 1 0 |a Dictionary of data processing  |c Jeff Maynard 
250 |a 2. ed. 
264 1 |a London  |b Butterworths  |c 1982 
300 |a 275 s. 
100 1 |a Maynard, Jeff